Normal view
MARC view
- الدبابنة، أحمد فلاح
Entry Personal Name
001 - CONTROL NUMBER
- control field: 8872
003 - CONTROL NUMBER IDENTIFIER
- control field: JO-AjAnu
005 - DATE AND TIME OF LATEST TRANSACTION
- control field: 20230606071729.0
008 - FIXED-LENGTH DATA ELEMENTS
- fixed length control field: 230606|| aca||aabn | a|a d
040 ## - CATALOGING SOURCE
- Original cataloging agency: JO-AjAnu
- Transcribing agency: JO-AjAnu
100 ## - HEADING--PERSONAL NAME
- Personal name: الدبابنة، أحمد فلاح
670 ## - SOURCE DATA FOUND
- Source citation: Work cat.: (JO-AjAnu)4578: الدبابنة، أحمد فلاح, author, من ثراث البادية: القهوة والبدو